Introduction to Partial Differential Equations: A Computational Approach (Record no. 511)

000 -LEADER
fixed length control field 00366 a2200109 4500
020 ## - INTERNATIONAL STANDARD BOOK NUMBER
International Standard Book Number 0387983279
082 ## - DEWEY DECIMAL CLASSIFICATION NUMBER
Classification number 515.353 TVE
100 ## - MAIN ENTRY--PERSONAL NAME
Personal name Tveito, Aslak
245 ## - TITLE STATEMENT
Title Introduction to Partial Differential Equations: A Computational Approach
Statement of responsibility, etc. Aslak Tveito, Ragnar Winther
260 ## - PUBLICATION, DISTRIBUTION, ETC.
Place of publication, distribution, etc. New York :
Name of publisher, distributor, etc. Springer
Date of publication, distribution, etc. 1961
300 ## - PHYSICAL DESCRIPTION
Extent xv, 392p. :
Other physical details ill ., ;
Dimensions 30 cm
650 ## - SUBJECT ADDED ENTRY--TOPICAL TERM
Topical term or geographic name entry element Differential Equations, Partial
Holdings
Withdrawn status Lost status Damaged status Not for loan Permanent Location Current Location Shelving location Date acquired Total Checkouts Full call number Barcode Date last seen Price effective from Koha item type
        School of Civil and Environmental Engineering (SCEE) School of Civil and Environmental Engineering (SCEE)       515.353 TVE NIT-4095 01/05/2017 01/05/2017 Book
© 2023 Central Library, National University of Sciences and Technology. All Rights Reserved.